Usura e modus: il problema del sovraindebitamento dal mondo antico all' attualità

Sparad:
Bibliografiska uppgifter
Huvudupphovsman: Arnese, Aurelio (Författare, medförfattare)
Materialtyp: Bok
Språk:italienska
Publicerad: Bari Cacucci Editore 2013
Upplaga:1a. ed
Serie:DJSGE, 5
Ämnen:
Taggar: Lägg till en tagg
Inga taggar, Lägg till första taggen!

MARC

LEADER 00000cam a2200000 a 4500
001 UCE5248
003 CL-VaPUC
008 141218e20130000it |||||||||||||||||ita|d
020 |a 9788866113072 
082 0 4 |a 332.83  |b ARN  |2 21 
100 0 |a Arnese, Aurelio  |e author  |9 577784 
245 1 0 |a Usura e modus: il problema del sovraindebitamento dal mondo antico all' attualità 
250 |a 1a. ed 
300 |a 158 p 
942 |c BK 
945 |d 20141218 14:43:00  |a dcastane 
260 |a Bari  |b Cacucci Editore  |c 2013 
650 7 |a USURA  |2 CL-VaPUC  |9 368490 
650 0 |a Delitos económicos   |9 255899 
650 0 |a Jurisprudencia  |9 255952 
650 0 |a Teoría jurídica  |9 345880 
583 |a last modification  |c 20141218 14:43:00  |k Rodrigo Vera 
490 0 |a DJSGE, 5 
999 |c 358006  |d 358004 
952 |0 0  |1 0  |3 erb  |4 0  |6 332_830000000000000_ARN_2013  |7 0  |8 DER_HIS  |9 466214  |a BIBDER  |b BIBDER  |i 5129923  |l 1  |o 332.83 ARN 2013  |p 5129923  |r 2023-01-25  |s 2020-03-17  |w 2019-11-23  |x Ubicación 4to Piso  |y BK  |z Estos recursos deben solicitarse con anticipación  |k DER